书目信息

书名: 地理 
作者: 喻秀莲 刘蕙 李新平 主编
出版信息: 北京   高等教育出版社  2024.6
开本页数: 26cm  196页
丛书名:
单 册:
中图分类: K9
科图分类:
主题词: 地理学--di li xue--高等职业教育--教材
电子资源:
ISBN: 978-7-04-061694-1
000 01278nam0 2200289 450
001 012025000513
005 20251122110725.7
010    @a978-7-04-061694-1@dCNY47.80
100    @a20240701d2024 em y0chiy50 ea
101 @achi
102    @aCN@b110000
105    @aak a 000yy
106    @ar
200 @a地理@Adi li@f主编喻秀莲, 刘蕙, 李新平
205    @a第3版
210    @a北京@c高等教育出版社@d2024.6
215    @a196页@c彩图@d26cm
300    @a“十四五”职业教育国家规划教材 高等职业教育新形态一体化教材 中国学前教育研究会教师发展专委会推荐教材
320    @a有书目
330    @a本书内容包括自然地理和人文地理两部分, 二者均以人地关系为主线展开。前四章为自然地理, 从认识地球、尊重自然和保护环境的角度介绍地球所处的宇宙环境、地球的圈层结构和表面形态、地球上的大气和水等自然地理基础知识; 后六章为人文地理, 本着人类在发展社会生产力的同时, 必须实现人类与环境和谐统一这一理念。介绍城市、人口与地理环境、农业和工业的地域形成、人类活动的地域联系、人类与地理环境的协调发展等人文地理基础知识。
606 @a地理学@Adi li xue@x高等职业教育@j教材
690    @aK9@v5
701  0 @a喻秀莲@Ayu xiu lian@4主编
701  0 @a刘蕙@Aliu hui@4主编
701  0 @a李新平@Ali xin ping@4主编
801  0 @aCN@bCDNYKJZYXY@c20251122
905    @aCDNYKJZYXY@b300736648-50@dK9@e171@f3
    
    地理/主编喻秀莲, 刘蕙, 李新平.-第3版.-北京:高等教育出版社,2024.6
    196页:彩图;26cm
    “十四五”职业教育国家规划教材 高等职业教育新形态一体化教材 中国学前教育研究会教师发展专委会推荐教材
    
    ISBN 978-7-04-061694-1:CNY47.80
    本书内容包括自然地理和人文地理两部分, 二者均以人地关系为主线展开。前四章为自然地理, 从认识地球、尊重自然和保护环境的角度介绍地球所处的宇宙环境、地球的圈层结构和表面形态、地球上的大气和水等自然地理基础知识; 后六章为人文地理, 本着人类在发展社会生产力的同时, 必须实现人类与环境和谐统一这一理念。介绍城市、人口与地理环境、农业和工业的地域形成、人类活动的地域联系、人类与地理环境的协调发展等人文地理基础知识。
相关链接 在五车中查询图书 在当当中查询图书 在豆瓣中查询图书


正题名:地理     索取号:K9/171         预约/预借

序号 登录号 条形码 馆藏地/架位号 状态 备注
1 736648   300736648   流通书库/ [索取号:K9/171] 在馆    
2 736649   300736649   流通书库/ [索取号:K9/171] 在馆    
3 736650   300736650   流通书库/ [索取号:K9/171] 在馆